Úvod do sociálnej práce

Bibliographic Details
Main Author: Strieženec, Štefan, 1938-2006 (Author)
Format: Book
Language:Slovak
PhysicalDescription:215 s. 23 cm
Published: Trnava AD 1999
ISBN:8096758969
Subjects:

MARC

LEADER 00000cam a2200000 a 4500
001 vtls001366003
003 SK-MaSNL
005 20260301010846.0
008 240226s1999 xo a fr 000 0 slo
015 |a SNBA1999/09-03349 
020 |a 8096758969 
035 |a SNK000319658 
035 |a urn:nbn:sk:snk-amkjm9 
035 |a urn:nbn:sk:snk-am003akn 
035 |a ED5AD10C-B6E3-48A1-8BD2-04DF5561B205 
040 |a SNK  |b slo  |c SNK  |e AACR2 
041 0 |a slo 
044 |a xo  |c SK 
080 |a 362  |2 1981 
100 1 |a Strieženec, Štefan,  |d 1938-2006  |4 aut  |9 102088 
245 1 0 |a Úvod do sociálnej práce  |c Štefan Strieženec 
260 |a Trnava  |b AD  |c 1999 
300 |a 215 s.  |c 23 cm 
504 |a Bibliografia na s. 213-215 
650 0 7 |a sociálna práca  |2 SNKPH  |9 1550 
655 7 |a monografie  |2 SNKPH  |9 70139 
919 |a 80-967589-6-9 
958 |a TL 
958 |a NB 
999 |c 549261  |d 551191 
952 |t P60, <03>, [BOOK], {603}  |a SNK  |b SNK  |y PREZ  |7 0  |p 17A0198012  |o snkSC 98970  |i snkKSP 6750/99  |0 0  |1 0  |4 0  |d 1999-06-18  |f 1  |l 0  |r 2025-09-18 00:00:00  |w 2026-02-23 
952 |t P60, <04>, [BOOK], {604}  |a SNK  |b SNK  |y VYP  |7 0  |p 17A0198013  |o snkSC 98970 D1  |i snkKSP 6751/99  |0 0  |1 0  |4 0  |d 1999-06-18  |l 0  |r 2005-01-02 00:00:00  |w 2026-02-23